Balance de las elecciones de autoridades locales, octubre 30 de 2011 / (Registro nro. 4829)

Detalles MARC
000 -LEADER
fixed length control field 01027nam a2200229Ia 4500
003 - CONTROL NUMBER IDENTIFIER
control field OSt
005 - DATE AND TIME OF LATEST TRANSACTION
control field 20201124095724.0
008 - FIXED-LENGTH DATA ELEMENTS--GENERAL INFORMATION
fixed length control field 191128s2011 ck a gr o000 0 spa d
020 ## - INTERNATIONAL STANDARD BOOK NUMBER
International Standard Book Number 9789589807118
040 ## - CATALOGING SOURCE
Original cataloging agency CO-JMCR
Transcribing agency CO-JMCR
041 0# - LANGUAGE CODE
Language code of text/sound track or separate title spa
082 04 - DEWEY DECIMAL CLASSIFICATION NUMBER
Classification number 324.9861 /
Item number C646b
Edition number 23
110 1# - MAIN ENTRY--CORPORATE NAME
Corporate name or jurisdiction name as entry element Colombia.
Subordinate unit Registraduria Nacional del Estado Civil
9 (RLIN) 3670
245 10 - TITLE STATEMENT
Title Balance de las elecciones de autoridades locales, octubre 30 de 2011 /
Statement of responsibility, etc. Registraduria Nacional del Estado Civil
260 ## - PUBLICATION, DISTRIBUTION, ETC.
Place of publication, distribution, etc. Bogotá :
Name of publisher, distributor, etc. El Nuevo Siglo,
Date of publication, distribution, etc. [2011?]
300 ## - PHYSICAL DESCRIPTION
Extent 106 páginas :
Other physical details ilustraciones a color ;
Dimensions 28 cm.
520 ## - SUMMARY, ETC.
Summary, etc. El registrador afirmó que las elecciones de autoridades locales de 2011, fueron las primeras elecciones que se realizaron en el país con la cédula renovada, que permitió depurar el censo y aplicar la biometría que ha sido considerada exitosa.
650 14 - SUBJECT ADDED ENTRY--TOPICAL TERM
Topical term or geographic name entry element Elecciones
Geographic subdivision Colombia
9 (RLIN) 3749
650 14 - SUBJECT ADDED ENTRY--TOPICAL TERM
Topical term or geographic name entry element Sufragio
Geographic subdivision Colombia
9 (RLIN) 3750
650 24 - SUBJECT ADDED ENTRY--TOPICAL TERM
Topical term or geographic name entry element Gobierno representativo
Geographic subdivision Colombia
9 (RLIN) 3751
942 ## - ADDED ENTRY ELEMENTS (KOHA)
Source of classification or shelving scheme Dewey Decimal Classification
Koha item type Books
Existencias
Withdrawn status Lost status Source of classification or shelving scheme Damaged status Not for loan Collection code Home library Current library Date acquired Source of acquisition Cost, normal purchase price Total Checkouts Full call number Barcode Date last seen Copy number Koha item type
    Dewey Decimal Classification     Non-fiction Biblioteca Pública José María del Castillo y Rada Biblioteca Pública José María del Castillo y Rada 04/15/2018 Donación 0.00   324.9861 / C646b 430000654 05/16/2024 Ej.1 Books